| 000 | 00602nam a2200217 a 4500 | ||
|---|---|---|---|
| 001 | 19921 | ||
| 003 | CO-ViMGA | ||
| 008 | 141112s2004 ck r 000 u spa d | ||
| 020 | _a55711968 | ||
| 040 |
_aCO-ViMGA _bspa _cCO-ViMGA |
||
| 082 | 0 | 4 | _a137.842 B645 |
| 100 | 1 |
_aBohm, Ewald _928921 |
|
| 245 | 1 | 0 | _aManual del psicodiagnostico del Rorschach |
| 260 |
_aMadrid : _bMorata, _c1968 |
||
| 300 | _a559 p. | ||
| 490 | _aCiencias biologicas | ||
| 590 | _aForma de adquisición : Premio Mincultura | ||
| 650 | 1 | 4 |
_aPRUEBAS PSICOLOGICAS _927198 |
| 650 | 1 | 4 |
_aTEST DE RORSCHACH _927199 |
| 942 |
_2ddc _cBK |
||
| 999 |
_c29043 _d29043 |
||